000 00820cam a22002055a 4500
001 L141166
008 071031s1840 xxk eng u
035 _a(Sirsi) u141166
041 0 _aeng
100 1 _aRobins, George Henry
_d1778-1847
245 0 0 _aParticulars and conditions of sale of three capital freehold houses...situate nos. 35, 36 and 38 Tufton St., Westminster...which will be sold by auction by Mr Geo Robins at the Auction Mart, London on Thursday the 9th of July 1840 at twelve o'clock, in three lots
260 _aS.l.
_bs.n.
_c[1840]
300 _a1 sheet
_c38 x 25 cm.
340 _aPrinted
351 _cSingle item
500 _aItem annotated in pencil and pen.
651 4 _aLondon
690 _aPROPERTY-PROPERTY ACQUISITION AND DISPOSAL-ACQUISITION AND DISPOSAL AT AUCTION
942 _n0
999 _c116637
_d116637